| 000 | 005020000a22001930004500 | ||
|---|---|---|---|
| 999 |
_c48974 _d48974 |
||
| 001 | 1819 | ||
| 003 | CO-MdFUSB | ||
| 005 | 20181024144635.0 | ||
| 008 | 181024b xxu||||| |||| 00| 0 eng d | ||
| 020 | _a0-590-41826-2 | ||
| 040 | _cCO-MdBIC | ||
| 082 | 0 | 4 | _a813C M82s |
| 100 | 1 | _aMorgan, Allen | |
| 245 | 1 | 0 | _aSadie and the snowman / Allen Morgan ; ilustraciones Brenda Clark |
| 260 | _aUSA : Scholastic inc. | ||
| 300 | _a(32 P.) | ||
| 650 | 1 | 4 | _aLiteratura infantil estadounidense |
| 942 | _cLGB | ||